Economía
Sparad:
| Huvudupphovsmän: | , |
|---|---|
| Materialtyp: | Bok |
| Språk: | spanska |
| Publicerad: |
Madrid
McGraw-Hill
1988
|
| Upplaga: | 2a. ed |
| Ämnen: | |
| Taggar: |
Lägg till en tagg
Inga taggar, Lägg till första taggen!
|
MARC
| LEADER | 00000nam a2200000 a 4500 | ||
|---|---|---|---|
| 001 | UCV4547 | ||
| 003 | CL-VaPUC | ||
| 008 | 880502e19880000SP |||||||||||||||||spa|d | ||
| 082 | 0 | 4 | |a 330 |b WON |2 21 |
| 100 | 0 | |a Wonnacott, Paul |e author |9 298763 | |
| 700 | 0 | |a Wonnacott, Ronald J |e author |9 298764 | |
| 245 | 1 | 0 | |a Economía |
| 250 | |a 2a. ed | ||
| 300 | |a 863 p | ||
| 942 | |c BK | ||
| 945 | |d 19880502 00:00:00 | ||
| 260 | |a Madrid |b McGraw-Hill |c 1988 | ||
| 650 | 0 | |a Economía |9 255568 | |
| 650 | 0 | |a Economía internacional |9 258254 | |
| 650 | 0 | |a Macroeconomía |9 260301 | |
| 650 | 0 | |a Microeconomía |9 258126 | |
| 650 | 0 | |a Política monetaria |9 258279 | |
| 583 | |a last modification |c 19880502 00:00:00 |k Rodrigo Vera | ||
| 999 | |c 211314 |d 211312 | ||
| 952 | |0 0 |1 0 |4 0 |6 330_000000000000000_WON_1988 |7 0 |8 A |9 190231 |a BIBGIM |b BIBGIM |d 2019-11-14 |i 257960K |o 330 WON 1988 |p 257960K |r 2025-01-15 |w 2019-11-14 |y BK |k COM | ||
| 952 | |0 0 |1 0 |4 0 |6 330_000000000000000_WON_1988 |7 0 |8 A |9 190232 |a BIBENE |b BIBENE |d 2019-11-14 |i 2579650 |o 330 WON 1988 |p 2579650 |r 2025-01-15 |w 2019-11-14 |y BK |k ICO | ||